000 00724cam a2200241 4500500
005 20260329003846.0
041 _afre
042 _adc
100 1 0 _aEltchaninoff, Michel
_eauthor
245 0 0 _aLa réalisation de soi. Gandhi, Spinoza, le bouddhisme et l’écologie profonde
260 _c2017.
500 _a60
690 _aArne Næss
690 _aBouddha
690 _aDeep Ecology
690 _aÉcologie
690 _aÉcologie profonde
690 _aNature
690 _aSpinoza
690 _aTerre
786 0 _nPhilosophie magazine | 109 | 5 | 2017-05-01 | p. 51-52 | 1951-1787
856 4 1 _uhttps://shs.cairn.info/magazine-philosophie-magazine-2017-5-page-51?lang=fr&redirect-ssocas=7080
999 _c1828432
_d1828432